Responses for show #2787 - Tuesday, October 15, 1996

Contestants

Holly Buchanan, a consultant from Silver Spring, Maryland

Carl Eeman, a pastor from St. Louis Park, Minnesota

Kathy Robbins, a bed-and-breakfast owner from Denver, Colorado (whose 3-day cash winnings total $35,900)

Jeopardy! Round responses

LEGISLATURES
FOOD
WORD ORIGINS
THE BODY HUMAN
ANNUAL EVENTS
COMEDIES
    $100 1
(Carl: What is Russia?)

China

KathyCarl
    $100 24
onions

Carl
    $100 6
constable

Holly
    $100 17
thyroid

Carl
    $100 13
Utah

Kathy
    $100 11
Dumb and Dumber

Kathy
    $200 2
Spain

Carl
    $200 25
legs

Carl
    $200 7
Key West

Triple Stumper
    $200 18
lungs

Kathy
    $200 22
North Dakota

Holly
    $200 12
9 to 5

Carl
    $300 3
Denmark

Holly
    $300 28
loaf of bread

Holly
    $300 8
governor

Carl
    $300 19
(Holly: What is the appendix?)

duodenum

CarlHolly
    $300 23
(Carl: What are the Great Smokys?)
(Holly: What are the Ozarks?)
(Kathy: What are the Applachians?)
(Alex: Be more specific.)
(Kathy: Uh...)

Blue Ridge Mountains

KathyCarlHolly
Triple Stumper
    $300 14
The Birdcage

Holly
    $400 4
Knesset

Kathy
    $400 29
crab

Holly
    $400 9
dime

Carl
    $400 20
medulla

Carl
    $1,000 26
Madison

Carl
    $400 15
Monty Python

Kathy
    $500 5
Iceland

Kathy
    $500 30
almond

Carl
    $500 10
peregrination

Kathy
    $500 21
humerus

Carl
    $500 27
Spoleto

Holly
    $500 16
Shirley MacLaine

Triple Stumper

Scores at the first commercial break (after clue 15):

Kathy Carl Holly
$2,100 $1,000 $700

Scores at the end of the Jeopardy! Round:

Kathy Carl Holly
$2,000 $3,800 $1,500

Double Jeopardy! Round responses

EUROPEAN HISTORY
ELTON JOHN SONGS
PAINTERS
GENESIS
LIGHTHOUSES
TRAGEDIES
    $200 3
Italy

Holly
    $200 19
The Lion King

Holly
    $200 16
(Kathy: Who is...uh, van der Meer?)

Jan Vermeer

KathyHolly
    $200 11
sisters

Carl
    $200 1
Maine

Holly
    $200 18
Shakespeare

Carl
    $400 7
Peloponnese

Kathy
    $400 26
(Alex: That's it. Less than a minute to go.)

"Bennie and the Jets"

Carl
    $400 17
Andrew Wyeth

Kathy
    $400 12
fire & brimstone

Carl
    $400 2
Coast Guard

Kathy
    $400 23
Voltaire

Carl
    $600 8
Luxembourg

Carl
    $600 27
"Candle in the Wind"

Holly
    $600 20
Seurat

Holly
    $600 13
language

Holly
    $600 4
lens

Triple Stumper
    $600 24
Decameron

Kathy
    $1,200 9
Munich

Carl
    $800 29
(Kathy: What is "Billie Jean"?)

"Philadelphia Freedom"

Kathy
Triple Stumper
    $800 21
Fauves

Holly
    $800 14
Eve

Holly
    $800 5
Diamond Head

Carl
    $800 25
Arthur Miller

Carl
    $1000 10
(Kathy: Who are the Bourbons?)

Capets

KathyCarl
    $1000 30
"Don't Go Breaking My Heart"

Triple Stumper
    $1000 22
Bauhaus

Triple Stumper
    $2,000 15
(Holly: ...Who is Moses?)

Noah

Holly
    $1000 6
Buffalo

Triple Stumper
    $1000 28
Strindberg

Kathy

Scores at the end of the Double Jeopardy! Round:

Kathy Carl Holly
$2,800 $9,800 $3,700
(lock game)

[wagering suggestions for these scores]

Final Jeopardy! Round responses

SPORTS STARS
KathyWho is Ilie Nastase
$2,799
HollyWho is Ivan Lendl?
$2,000
CarlWho is Nastasie?
$500
Ilie Năstase

Final scores:

Kathy Carl Holly
$5,599 $10,300 $1,700
2nd place: trip to Maui & stay at The Whaler New champion: $10,300 3rd place: [unknown]

Game dynamics:

Coryat scores:

Kathy Carl Holly
$2,800 $8,800 $5,700
13 R,
4 W
22 R
(including 2 DDs),
2 W
16 R,
3 W
(including 1 DD)

Combined Coryat: $17,300

The J! Archive is created by fans, for fans. The Jeopardy! game show and all elements thereof, including but not limited to copyright and trademark thereto, are the property of Jeopardy Productions, Inc. and are protected under law. This website is not affiliated with, sponsored by, or operated by Jeopardy Productions, Inc. Join the discussion at JBoard.tv.